[Event "Sharjah op rapid"]
[Site "Sharjah"]
[Date "2016.06.12"]
[Round "3"]
[White "Papin, Vasily"]
[Black "Yap, Ernesto M"]
[Result "1-0"]
[WhiteElo "2466"]
[BlackElo "1979"]
[PlyCount "45"]
[EventDate "2016.06.12"]
[EventType "swiss (rapid)"]
[EventRounds "9"]
[EventCountry "UAE"]
[SourceTitle "CBM 173 Extra"]
[Source "ChessBase"]
[SourceDate "2016.08.29"]
[SourceVersion "1"]
[SourceVersionDate "2016.08.29"]
[SourceQuality "1"]

1. c4 Nf6 2. g3 g6 3. Bg2 c6 4. b3 Bg7 5. Bb2 0-0 6. Nf3 d6 7. d4 Bg4 8. h3 Bd7 9. 0-0 Ne4 10. Qc2 d5 11. Ne5 f5 12. Nc3 Be6 13. Rad1 Nd7 14. Nd3 Rc8 15. e3 Nxc3 16. Qxc3 c5 17. Nf4 cxd4 18. exd4 Bf7 19. Nxd5 e5 20. Qb4 Kh8 21. dxe5 Re8 22. Qxb7 Bg8 23. Nf6 1-0

[Event "Sharjah op blitz"]
[Site "Sharjah"]
[Date "2014.07.09"]
[Round "3"]
[White "Yap, Ernesto M"]
[Black "Al Qudaimi, Basheer"]
[Result "0-1"]
[WhiteElo "2060"]
[BlackElo "2389"]
[PlyCount "80"]
[EventDate "2014.07.09"]
[EventType "swiss (blitz)"]
[EventRounds "9"]
[EventCountry "UAE"]
[SourceTitle "EXT 2016"]
[Source "ChessBase"]
[SourceDate "2015.10.08"]
[SourceVersion "1"]
[SourceVersionDate "2015.10.08"]
[SourceQuality "1"]

1. e4 c5 2. Nf3 d6 3. d4 cxd4 4. Nxd4 Nf6 5. Nc3 a6 6. Be2 e5 7. Nb3 Be6 8. Be3 Nbd7 9. f3 b5 10. Nd5 Bxd5 11. exd5 Nb6 12. Bxb6 Qxb6 13. Qd2 Rc8 14. 0-0-0 b4 15. Qd3 Be7 16. Qxa6 Qe3+ 17. Kb1 0-0 18. Qd3 Qa7 19. Qa6 Qf2 20. g4 Ra8 21. Qd3 Qa7 22. Nc1 Rfc8 23. h4 Rc5 24. Qb3 Qb7 25. Nd3 Rb5 26. g5 Nd7 27. f4 exf4 28. Nxf4 Nc5 29. Qe3 Rba5 30. Bc4 Qa7 31. Rhe1 Bf8 32. h5 Rxa2 33. Bxa2 Qxa2+ 34. Kc1 b3 35. Qc3 bxc2 36. Qxc2 Nb3+ 37. Qxb3 Qxb3 38. Rd3 Ra1+ 39. Kd2 Qb4+ 40. Rc3 Qxf4+ 0-1

[Event "Sharjah op blitz"]
[Site "Sharjah"]
[Date "2014.07.09"]
[Round "5"]
[White "Yap, Ernesto M"]
[Black "Sindarov, Islombek"]
[Result "1/2-1/2"]
[WhiteElo "2060"]
[BlackElo "1394"]
[PlyCount "145"]
[EventDate "2014.07.09"]
[EventType "swiss (blitz)"]
[EventRounds "9"]
[EventCountry "UAE"]
[SourceTitle "EXT 2016"]
[Source "ChessBase"]
[SourceDate "2015.10.08"]
[SourceVersion "1"]
[SourceVersionDate "2015.10.08"]
[SourceQuality "1"]

1. e4 e5 2. Nf3 Nc6 3. Bc4 Bc5 4. c3 Nf6 5. d3 d6 6. a4 a6 7. b4 Ba7 8. 0-0 Bd7 9. h3 b5 10. Bb3 h6 11. Bb2 0-0 12. Nbd2 Ne7 13. d4 Ng6 14. Qc2 Re8 15. d5 Nf4 16. Kh2 Nh7 17. c4 Ng5 18. c5 Nxf3+ 19. Nxf3 Qf6 20. Qd2 Nxh3 21. gxh3 Qxf3 22. Qe3 Qxe3 23. fxe3 dxc5 24. bxc5 Bxc5 25. Rfc1 Bb6 26. a5 Bxe3 27. Rxc7 Bf4+ 28. Kg2 Red8 29. Rf1 f5 30. exf5 Bxf5 31. Rxf4 exf4 32. Kf3 Rd7 33. Rc6 Re8 34. Kxf4 Be4 35. d6+ Kh8 36. Rxa6 Bh7 37. Rb6 Re4+ 38. Kf3 Rb4 39. Rb8+ Bg8 40. Bxg8 Ra7 41. Be6+ Kh7 42. d7 Rxd7 43. Bxd7 Rxb2 44. a6 Ra2 45. Rb6 b4 46. Be6 Ra3+ 47. Ke4 Kg6 48. Bc4+ Kg5 49. Rb7 g6 50. a7 Kh4 51. Kd4 Kxh3 52. Rg7 g5 53. Bd5 g4 54. a8Q Rxa8 55. Bxa8 g3 56. Ke3 b3 57. Kf3 b2 58. Rb7 g2 59. Kf2 Kh2 60. Rg7 b1Q 61. Rxg2+ Kh3 62. Rg3+ Kh4 63. Bf3 Qc2+ 64. Be2 Qc5+ 65. Re3 Kg5 66. Kf3 Qc6+ 67. Re4 Qc3+ 68. Re3 Qf6+ 69. Kg2 Qf4 70. Rg3+ Kh4 71. Rh3+ Kg5 72. Rg3+ Kf5 73. Rf3 1/2-1/2

[Event "Sharjah op rapid"]
[Site "Sharjah"]
[Date "2014.07.08"]
[Round "8"]
[White "Santosh, Sanath"]
[Black "Yap, Ernesto M"]
[Result "0-1"]
[WhiteElo "1532"]
[BlackElo "2060"]
[PlyCount "64"]
[EventDate "2014.07.05"]
[EventType "swiss (rapid)"]
[EventRounds "9"]
[EventCountry "UAE"]
[SourceTitle "CBM 161 Extra"]
[Source "ChessBase"]
[SourceDate "2014.08.29"]
[SourceVersion "1"]
[SourceVersionDate "2014.08.29"]
[SourceQuality "1"]

1. e4 c5 2. Nf3 e6 3. d4 cxd4 4. Nxd4 Nc6 5. Nc3 a6 6. Be2 Bc5 7. Be3 Bb4 8. Qd2 Nf6 9. f3 0-0 10. 0-0 d5 11. Nxc6 bxc6 12. e5 Nd7 13. a3 Ba5 14. b4 Bb6 15. Na4 Bxe3+ 16. Qxe3 a5 17. Nb2 Ba6 18. c4 Qb8 19. f4 axb4 20. axb4 Qxb4 21. Qc1 Rfb8 22. Rb1 Qa3 23. Qc2 Rb3 24. cxd5 Bxe2 25. Qxe2 cxd5 26. Rfc1 Rab8 27. Rc2 Qa2 28. Rbc1 Rxb2 29. Rxb2 Qxb2 30. Rc8+ Nf8 31. Rxf8+ Kxf8 32. Qxb2 Rxb2 0-1